Szczegóły MARC21

Ustrój samorządu terytorialnego : materiały do ćwiczeń /

003 -Nazwa inst., której nr kontr. jest w polu 001 [,]
    • @
    • Nazwa instytucji, której n kontrolny jest w polu 001
    • NUKAT
005 -DATA I CZAS OSTATNIEJ MODYFIKACJI [,]
    • @
    • pole kontrolne
    • 20241231115439.0
020 -Międzynarod. znormalizowany nr książki - ISBN [ , ]
    • a
    • Numer ISBN
    • 9788360631461 Find
040 -Instytucja sporządzająca opis [ , ]
    • a
    • Instytucja, która sporządziła opis (NP)
    • WR U/mbo
    • c
    • Instytucja, która sporządziła rekord (NP)
    • WR U/mbo
    • d
    • Instytucja, która zmodyfikowała rekord (P)
    • WR U/hb
    • d
    • Instytucja, która zmodyfikowała rekord (P)
    • WR U/JHs
942 -Rodzaj dokumentu [ , ]
    • c
    • Rodzaj dokumentu
    • Książka
100 -Hasło główne - nazwa osobowa [1, ]
    • a
    • Nazwa osobowa (NP)
    • Korczak, Jerzy.
    • 9
    • KHW
    • 24702
240 -Tytuł ujednolicony [1,0]
    • a
    • Tytuł ujednolicony
    • Ustrój i zadania jednostek samorządu terytorialnego
    • l
    • Język tekstu
    • (pol.)
    • 9
    • KHW
    • 459608
245 -Strefa tytułu i oznaczenia odpowiedzialności [1,0]
    • a
    • Tytuł
    • Ustrój samorządu terytorialnego : Find
    • b
    • Ciąg dalszy tytułu (NP)
    • materiały do ćwiczeń / Find
    • c
    • Pozostałe elementy strefy tytułu i oznaczenia odpowiedzialności (NP)
    • Jerzy Korczak, Piotr Lisowski, Adam Ostapski.
250 -Strefa wydania [ , ]
    • a
    • Oznaczenie wydania (NP)
    • Wyd. 3, stan prawny na dzień 1 stycznia 2011 r.
260 -Strefa adresu wydawniczego [ , ]
    • a
    • Miejsce wydania (P)
    • [Wrocław] :
    • b
    • Nazwa wydawcy (P)
    • Kolonia Limited,
    • c
    • Data wydania (P)
    • 2011.
300 -Strefa opisu fizycznego [ , ]
    • a
    • Określenie formy książki i/lub objętość (NP)
    • 646, [1] s. :
    • b
    • Oznaczenie ilustracji (NP)
    • il. ;
    • c
    • Format (NP)
    • 24 cm.
336 -Typ zawartości [ , ]
    • a
    • Termin opisujący typ zawartości
    • Tekst
    • b
    • Kod określający zawartość
    • txt
    • 2
    • Źródło (terminu i kodu)
    • rdacontent
337 -Typ mediów [ , ]
    • a
    • Tryb odtwarzania
    • Bez urządzenia pośredniczącego
    • b
    • Kod typu mediów
    • n
    • 2
    • Źródło (terminu i kodu)
    • rdamedia
338 -Typ/rodzaj nośnika [ , ]
    • a
    • Hasło opisujące typ nośnika
    • Wolumin
    • b
    • Kod typu nośnika
    • nc
    • 2
    • Źródło (terminu i kodu)
    • rdacarrier
500 -Uwaga ogólna [ , ]
    • a
    • Uwaga ogólna (NP)
    • Miejsce wydania według bazy ISBN.
500 -Uwaga ogólna [ , ]
    • a
    • Uwaga ogólna (NP)
    • Na s. tyt.: "(Uwzględniono nowelizacje aktów normatywnych - zawartych w publikacji - ogłoszone w dziennikach urzędowych do dnia 31 grudnia 2010 r., które wejdą w życie do dnia 1 lipca 2011 r.)".
500 -Uwaga ogólna [ , ]
    • a
    • Uwaga ogólna (NP)
    • Wyd. 1 i 2 ukazało się pt.: Ustrój i zadania jednostek samorządu terytorialnego.
504 -Uwaga dot. bibliogr. załącznikowej [ , ]
    • a
    • Uwaga dot. bibliografii załącznikowej
    • Bibliogr. (wybór) s. 585-591.
504 -Uwaga dot. bibliogr. załącznikowej [ , ]
    • a
    • Uwaga dot. bibliografii załącznikowej
    • "Wykaz źródeł prawa" s. 591-595.
504 -Uwaga dot. bibliogr. załącznikowej [ , ]
    • a
    • Uwaga dot. bibliografii załącznikowej
    • Webogr. s. 596-597.
521 -Uwaga dot. przeznaczenia czytelniczego [8, ]
    • a
    • Uwaga dot. przeznaczenia czytelniczego
    • Publikacja skierowana do studentów kierunku administracja oraz do teoretyków i dydaktyków prawa samorządowego i administracyjnego.
080 -Uniwersalna Klasyfikacja Dziesiętna [ , ]
    • 2
    • Identyfikator wydania tablic
    • UDC-P058
    • 9
    • UKD
    • 3419
    • a
    • Symbol klasyfikacji
    • 342.25
    • b
    • Dopowiedzenie
    • Centralizacja i decentralizacja. Samorząd terytorialny (lokalny). Organy terenowe władzy państwowej.
    • 4
    • UKD2
    • 7642
    • x
    • Poddział wspólny
    • (438)
    • c
    • Dopowiedzenie poddz. wspólnego
    • (Polska).
    • 4
    • UKD2
    • 7665
    • x
    • Poddział wspólny
    • (075.8)
    • c
    • Dopowiedzenie poddz. wspólnego
    • (Podręczniki dla szkół wyższych. Skrypty).
080 -Uniwersalna Klasyfikacja Dziesiętna [ , ]
    • 2
    • Identyfikator wydania tablic
    • UDC-P058
    • 9
    • UKD
    • 3664
    • a
    • Symbol klasyfikacji
    • 352/353
    • b
    • Dopowiedzenie
    • Organy administracji pierwszego i średniego stopnia. Samorząd terytorialny. Administracja terenowa.
    • 4
    • UKD2
    • 7642
    • x
    • Poddział wspólny
    • (438)
    • c
    • Dopowiedzenie poddz. wspólnego
    • (Polska).
    • 4
    • UKD2
    • 7665
    • x
    • Poddział wspólny
    • (075.8)
    • c
    • Dopowiedzenie poddz. wspólnego
    • (Podręczniki dla szkół wyższych. Skrypty).
650 -Hasło przedmiotowe [ ,7]
    • a
    • Hasło przedmiotowe
    • Samorząd lokalny
    • x
    • Określnik rzeczowy
    • prawo
    • z
    • Określnik geograficzny
    • Polska
    • v
    • Określnik formalny
    • legislacja.
    • 2
    • Źródło terminu
    • kaba
    • 9
    • KHW
    • 372086
650 -Hasło przedmiotowe [ ,7]
    • a
    • Hasło przedmiotowe
    • Samorząd lokalny
    • x
    • Określnik rzeczowy
    • prawo
    • z
    • Określnik geograficzny
    • Polska
    • v
    • Określnik formalny
    • podręczniki akademickie.
    • 2
    • Źródło terminu
    • kaba
    • 9
    • KHW
    • 352251
980 -Symbol UKD [ , ]
    • a
    • UKD
    • 342.25:352/353](438)(075.8)
700 -Hasło dodatkowe - nazwa osobowa [1, ]
    • a
    • Nazwa osobowa (NP)
    • Lisowski, Piotr Find
    • d
    • Daty biograficzne (NP)
    • (1964- ).
    • 9
    • KHW
    • 12388
700 -Hasło dodatkowe - nazwa osobowa [1, ]
    • a
    • Nazwa osobowa (NP)
    • Ostapski, Adam. Find
    • 9
    • KHW
    • 12390
920 -ISBN [ , ]
    • a
    • ISBN
    • 978-83-60631-46-1 Find
Sygnatura Lokalizacja Data inwentaryzacji Status udost. Numer inwentarzowy
SA.20117BSA2011-05-311SA.20117